[Event "Coppa del Mondo FIDE 2025"]
[Site "Goa"]
[Date "08.11.2025"]
[Round "2B"]
[White "Sargissian, Gabriel"]
[Black "Ghosh, Diptayan"]
[Result "1-0"]
[WhiteElo "2624"]
[BlackElo "2573"]
[EventDate "2025.11.01"]
[EventType "k.o."]

1. c4 e5 2. g3 c6 3. Nf3 e4 4. Nd4 d5 5. d3 Bc5 6. dxe4 dxe4 7. Be3 Nf6 8.
Nc3 Qe7 9. h3 O-O 10. Qc2 Rd8 11. Rd1 Qe5 12. Bf4 Qe7 13. Nb3 Rxd1+ 14.
Qxd1 Bb4 15. Bg2 Be6 16. O-O Na6 17. Qc2 Bf5 18. a3 Bxc3 19. Qxc3 Rd8 20.
Qe5 Qxe5 21. Bxe5 Be6 22. Rc1 Nd7 23. Bf4 Nb6 24. Na5 Rd7 25. Bxe4 Bxh3 26.
b4 Be6 27. b5 Nc5 28. bxc6 bxc6 29. Bxc6 Rd8 30. Be3 Nba4 31. Bxa4 Nxa4 32.
c5 h5 33. c6 Nb6 34. c7 Ra8 35. Bxb6 axb6 36. Nb7 Kf8 37. Nd6 Bc8 38. Nc4
Ra6 39. Rd1 1-0

[Event "Coppa del Mondo FIDE 2025"]
[Site "Goa"]
[Date "08.11.2025"]
[Round "2B"]
[White "Le, Quang Liem"]
[Black "Xiong, Jeffery"]
[Result "1/2-1/2"]
[WhiteElo "2729"]
[BlackElo "2648"]
[EventDate "2025.11.01"]
[EventType "k.o."]

1. d4 e6 2. Nf3 c5 3. c4 cxd4 4. Nxd4 Nf6 5. Nc3 a6 6. a3 d5 7. cxd5 Nxd5
8. Bd2 Nf6 9. Bg5 Nbd7 10. g3 h6 11. Bxf6 Nxf6 12. Bg2 Bd6 13. O-O O-O 14.
Rc1 Qe7 15. Qc2 Rb8 16. Na4 g6 17. Nb6 e5 18. Nb3 Bf5 19. e4 Be6 20. Rfd1
Rbd8 21. h3 h5 22. Nd2 Bb8 23. Ndc4 Rxd1+ 24. Rxd1 h4 25. g4 Bxc4 26. Qxc4
Ba7 27. Nd5 Nxd5 28. exd5 Rd8 29. Bf3 Rd6 30. Kg2 Kg7 31. Re1 Rf6 32. Qc3
Bb8 33. Re4 Qd6 34. Qc8 Ba7 35. g5 Rf4 36. Rxf4 exf4 37. Qc3+ Kg8 38. Qc8+
Kg7 39. Qc3+ Kh7 40. Qf6 Qxf6 1/2-1/2

[Event "Coppa del Mondo FIDE 2025"]
[Site "Goa"]
[Date "08.11.2025"]
[Round "2B"]
[White "Erdogmus, Yagiz Kaan"]
[Black "Rapport, Richard"]
[Result "1/2-1/2"]
[WhiteElo "2651"]
[BlackElo "2724"]
[EventDate "2025.11.01"]
[EventType "k.o."]

1. e4 c5 2. Nf3 e6 3. g3 Nc6 4. Bg2 Nf6 5. d3 d6 6. O-O g6 7. Nc3 Bg7 8. d4
cxd4 9. Nxd4 O-O 10. Be3 Ne5 11. b3 a6 12. h3 Qc7 13. Qd2 Rb8 14. a4 b6 15.
f4 Ned7 16. Rad1 Bb7 17. Nde2 Ne8 18. Bd4 Bxd4+ 19. Qxd4 Rc8 20. Qe3 Qc5
21. Qxc5 Rxc5 22. e5 Bxg2 23. Kxg2 d5 24. Rf3 Ng7 25. Nd4 Nf5 26. Nce2 Nxd4
27. Nxd4 Rfc8 28. g4 Rc3 29. Re1 g5 30. fxg5 Rxf3 31. Kxf3 Rc3+ 32. Kf2
Rxh3 33. Nf3 h5 34. gxh5 Rxh5 35. c4 dxc4 36. bxc4 a5 37. Rb1 Kg7 38. c5
Nxc5 39. Rxb6 Nxa4 40. Rb5 Nc3 41. Rxa5 Kg6 42. Ra8 Kf5 43. Rf8 Rh7 44. Rg8
Nd5 45. Kg3 Ne7 46. Ra8 Ng6 47. Ra4 Rh8 48. Ra7 Rf8 49. Ra4 Re8 50. Nh4+
Nxh4 51. Rxh4 Kxe5 52. Rf4 Re7 53. Rf6 Ke4 54. Kf2 e5 55. g6 fxg6 56. Rxg6
Ra7 57. Rg3 1/2-1/2

[Event "Coppa del Mondo FIDE 2025"]
[Site "Goa"]
[Date "08.11.2025"]
[Round "2B"]
[White "Aronian, Levon"]
[Black "Salem, A.R. Saleh"]
[Result "1/2-1/2"]
[WhiteElo "2722"]
[BlackElo "2620"]
[EventDate "2025.11.01"]
[EventType "k.o."]

1. e4 c5 2. c3 Nf6 3. e5 Nd5 4. Nf3 d6 5. d4 cxd4 6. Bb5+ Bd7 7. Bc4 e6 8.
Bxd5 exd5 9. O-O dxe5 10. Nxe5 Be6 11. Qxd4 Be7 12. Be3 O-O 13. Nd2 Re8 14.
Rfe1 Qc8 15. Nb3 f6 16. Nf3 Bf7 17. h3 Nc6 18. Qf4 b6 19. Nbd4 Bf8 20. Nxc6
Qxc6 21. Nd4 Qc4 22. Qg3 Bg6 23. a3 Re4 24. f3 Ree8 25. h4 Bc5 26. Qg4 Re5
27. Bf4 Bxd4+ 28. cxd4 Qxd4+ 29. Kh2 Ree8 30. Rad1 Qxb2 31. Rxe8+ Bxe8 32.
h5 Bf7 33. h6 g6 34. Qd7 g5 35. Rc1 Qxa3 36. Qc6 Qf8 37. Qxf6 gxf4 38. Qg5+
1/2-1/2

[Event "Coppa del Mondo FIDE 2025"]
[Site "Goa"]
[Date "08.11.2025"]
[Round "2B"]
[White "Theodorou, Nikolas"]
[Black "Sindarov, Javokhir"]
[Result "0-1"]
[WhiteElo "2652"]
[BlackElo "2721"]
[EventDate "2025.11.01"]
[EventType "k.o."]

1. d4 d5 2. c4 e6 3. Nc3 c6 4. cxd5 exd5 5. Bf4 Bd6 6. Bxd6 Qxd6 7. e3 Ne7
8. Qb3 O-O 9. Nf3 Nd7 10. Bd3 Nf6 11. Qc2 g6 12. h3 Bf5 13. g4 Bxd3 14.
Qxd3 a5 15. Ne5 Nd7 16. f4 f6 17. Nxd7 Qxd7 18. O-O-O a4 19. Kb1 a3 20. b3
Rae8 21. f5 gxf5 22. Rdf1 Kh8 23. Ne2 Qe6 24. gxf5 Qe4 25. Qxe4 dxe4 26.
Nc3 Rg8 27. Rf4 Nd5 28. Nxd5 cxd5 29. Rc1 Rg2 30. Rc2 Reg8 31. Rff2 R2g3
32. Rfe2 Rxh3 33. Rc5 b6 34. Rc6 Rh1+ 35. Kc2 Rgg1 36. Kc3 Rc1+ 37. Rc2
Rxc2+ 38. Kxc2 Rh2+ 39. Kc3 Rxa2 40. Kb4 Kg7 41. Rxb6 h5 42. Rd6 h4 43.
Rxd5 Rg2 44. Rd7+ Kh6 45. d5 a2 46. Ra7 h3 47. d6 h2 48. Ra8 Rd2 49. Kc3
Rxd6 0-1

[Event "Coppa del Mondo FIDE 2025"]
[Site "Goa"]
[Date "08.11.2025"]
[Round "2B"]
[White "Yu, Yangyi"]
[Black "Narayanan, S.L."]
[Result "1/2-1/2"]
[WhiteElo "2720"]
[BlackElo "2617"]
[EventDate "2025.11.01"]
[EventType "k.o."]

1. e4 c5 2. Nf3 Nc6 3. Nc3 g6 4. d4 cxd4 5. Nxd4 Bg7 6. Be3 Nf6 7. Bc4 O-O
8. Bb3 d6 9. f3 Qa5 10. Qd2 Nxd4 11. Bxd4 Be6 12. O-O-O b5 13. Kb1 b4 14.
Bxe6 fxe6 15. Ne2 Qb5 16. h4 a5 17. g4 e5 18. Be3 h5 19. g5 Nd7 20. Rhf1
Kh7 21. Qd3 Qc6 22. Qd5 Qa6 23. Qd3 Qc6 24. Qd5 Qa6 25. Qd3 Qc6 1/2-1/2

[Event "Coppa del Mondo FIDE 2025"]
[Site "Goa"]
[Date "08.11.2025"]
[Round "2B"]
[White "Wojtaszek, Radoslaw"]
[Black "Fedoseev, Vladimir"]
[Result "1-0"]
[WhiteElo "2654"]
[BlackElo "2720"]
[EventDate "2025.11.01"]
[EventType "k.o."]

1. d4 e6 2. c4 b6 3. e4 Bb7 4. Bd3 f5 5. exf5 Bxg2 6. Qh5+ g6 7. fxg6 Bg7
8. gxh7+ Kf8 9. Bg5 Nf6 10. Qh4 Bxh1 11. Ne2 Nc6 12. Nbc3 e5 13. O-O-O exd4
14. Rxh1 dxc3 15. Nf4 Ne5 16. Bc2 Kf7 17. Nh5 Nf3 18. Qf4 Nxg5 19. Qxg5 Qf8
20. Bg6+ 1-0

[Event "Coppa del Mondo FIDE 2025"]
[Site "Goa"]
[Date "08.11.2025"]
[Round "2B"]
[White "Vidit, Santosh Gujrathi"]
[Black "Shankland, Sam"]
[Result "1/2-1/2"]
[WhiteElo "2716"]
[BlackElo "2654"]
[EventDate "2025.11.01"]
[EventType "k.o."]

1. e4 e5 2. Nf3 Nc6 3. Bb5 a6 4. Ba4 Nf6 5. O-O b5 6. Bb3 Bc5 7. c3 d6 8.
d4 Bb6 9. Be3 O-O 10. Nbd2 h6 11. h3 exd4 12. cxd4 Na5 13. Bc2 Re8 14. Re1
Bb7 15. d5 c6 16. b4 Nc4 17. Nxc4 bxc4 18. dxc6 Bxc6 19. Bxb6 Qxb6 20. Qxd6
Rad8 21. Qf4 Qxb4 22. e5 Bxf3 23. Qxf3 Qa5 24. Qf4 Rd5 25. e6 Rxe6 26. Rxe6
fxe6 27. Qxc4 Kf7 28. Rb1 Rb5 29. Bb3 Re5 30. Qd4 Re1+ 31. Rxe1 Qxe1+ 32.
Kh2 a5 33. Qa7+ Kf8 34. Qb8+ Ke7 35. Qa7+ Kf8 36. Bc2 Nd5 37. Bg6 Qe5+ 38.
g3 Qf6 39. Qc5+ Ne7 40. Bc2 Kf7 41. Kg2 Qg5 42. Qxg5 hxg5 43. Kf3 Nd5 44.
Bb3 Ke7 45. Kg4 Kf6 46. Bxd5 exd5 47. f4 gxf4 48. Kxf4 a4 49. a3 Ke6 50. h4
Kf6 51. h5 d4 52. g4 d3 53. g5+ Ke6 54. Ke3 Kf5 55. h6 gxh6 56. gxh6 Kg6
57. Kxd3 Kxh6 58. Kc4 Kg7 59. Kb5 Kf7 60. Kxa4 Ke7 61. Kb5 Kd7 62. Kb6 Kc8
63. a4 Kb8 64. a5 Ka8 65. a6 Kb8 66. a7+ Ka8 1/2-1/2

[Event "Coppa del Mondo FIDE 2025"]
[Site "Goa"]
[Date "08.11.2025"]
[Round "2B"]
[White "Deac, Bogdan-Daniel"]
[Black "Karthik, Venkataraman"]
[Result "1/2-1/2"]
[WhiteElo "2655"]
[BlackElo "2579"]
[EventDate "2025.11.01"]
[EventType "k.o."]

1. c4 e6 2. Nc3 d5 3. d4 Nf6 4. Nf3 Nbd7 5. Bf4 dxc4 6. e3 a6 7. a4 Nb6 8.
Bg5 Bb4 9. a5 Nbd5 10. Qc2 O-O 11. Bxc4 h6 12. Bh4 c5 13. Bxd5 Qxd5 14.
Bxf6 gxf6 15. O-O Bxc3 16. Qxc3 cxd4 17. Nxd4 e5 18. Nb3 Rd8 19. Nc5 Rb8
20. e4 Qd4 21. Qc1 Kh7 22. Ra3 Bg4 23. Rd3 Qb4 24. Rb3 Qxa5 25. Nxb7 Qd2
26. Nxd8 Qxc1 27. Rxc1 Rxb3 28. f3 Bh5 29. Rc2 Bg6 30. Rd2 Kg7 31. Nc6 h5
32. h4 Rb6 33. Ne7 Re6 34. Rd7 Rb6 35. Ra7 Rxb2 36. Rxa6 Rb7 37. Nc6 Rb5
38. Ne7 Rb7 39. Nc6 Rb5 40. Ne7 1/2-1/2

[Event "Coppa del Mondo FIDE 2025"]
[Site "Goa"]
[Date "08.11.2025"]
[Round "2B"]
[White "Liang, Awonder"]
[Black "Svane, Rasmus"]
[Result "1-0"]
[WhiteElo "2710"]
[BlackElo "2614"]
[EventDate "2025.11.01"]
[EventType "k.o."]

1. Nf3 d5 2. g3 g6 3. Bg2 Bg7 4. d4 Nf6 5. O-O O-O 6. c4 dxc4 7. Na3 c5 8.
dxc5 c3 9. Nb5 Na6 10. Nxc3 Nxc5 11. Be3 Nfe4 12. Nxe4 Nxe4 13. Bd4 Bxd4
14. Qxd4 Qxd4 15. Nxd4 Nd6 16. Rac1 Rd8 17. f4 Kf8 18. Kf2 Ne4+ 19. Ke3 Nf6
20. Bf3 Rb8 21. Rfd1 Ng4+ 22. Bxg4 Bxg4 23. Nb5 Rxd1 24. Rxd1 a6 25. Nc3
Ke8 26. a4 Bd7 27. Rd4 h5 28. Kd3 f6 29. e4 Be6 30. Rb4 b6 31. Rd4 Rc8 32.
Rb4 Rb8 33. Nd5 Bxd5 34. exd5 a5 35. Rb3 Kd7 36. Kd4 Kd6 37. h3 Rb7 38. g4
hxg4 39. hxg4 Rb8 40. Kc4 Rc8+ 41. Kd4 Rb8 42. g5 fxg5 43. fxg5 e6 44. dxe6
Kxe6 45. Kc4 Kf5 46. Rb5+ Ke4 47. b4 axb4 48. Kb3 Rd8 49. Rxb6 Rd3+ 50.
Kxb4 Rd4+ 51. Ka5 Kf5 52. Rb4 Rd6 53. Rb5+ Ke4 54. Kb4 Rd4+ 55. Kb3 Rd3+
56. Kb2 Rd2+ 57. Kc3 Rd3+ 58. Kb4 Rd4+ 59. Ka5 Rd6 60. Rc5 Kd4 61. Kb5 Re6
62. a5 Rd6 63. Rc4+ Kd3 64. Rc6 Rd5+ 65. Rc5 Rd6 66. a6 Kd4 1-0

[Event "Coppa del Mondo FIDE 2025"]
[Site "Goa"]
[Date "08.11.2025"]
[Round "2B"]
[White "Grebnev, Aleksey"]
[Black "Kourkoulos-Arditis, Stamatis"]
[Result "1/2-1/2"]
[WhiteElo "2611"]
[BlackElo "2583"]
[EventDate "2025.11.01"]
[EventType "k.o."]

1. e4 c5 2. Nf3 d6 3. Bb5+ Nd7 4. a4 a6 5. Be2 Ngf6 6. Nc3 g6 7. a5 Bg7 8.
O-O O-O 9. d3 b5 10. axb6 Nxb6 11. Qd2 e5 12. Qg5 Qe8 13. Qh4 Nh5 14. Ne1
Bf6 15. Bg5 Bxg5 16. Qxg5 Nf4 17. Qf6 Be6 18. Bf3 Nd7 19. Qh4 Kh8 20. Bd1
g5 21. Qg3 h5 22. Qe3 f5 23. exf5 Rxf5 24. Ne4 Qe7 25. c4 Rf7 26. Nc2 Nf6
27. Nxf6 Rxf6 28. b4 cxb4 29. Nxb4 Raf8 30. Nd5 Bxd5 31. cxd5 g4 32. Rxa6
Nxd5 33. Qe4 Nc3 34. Qe3 Nd5 35. Qe4 Qf7 36. f3 Rf4 37. Qe1 Qg6 38. Qxe5+
dxe5 39. Rxg6 Ne3 40. Re1 Nxd1 41. Rxd1 gxf3 42. gxf3 Rxf3 43. Rh6+ Kg7 44.
Rxh5 Rd8 1/2-1/2

[Event "Coppa del Mondo FIDE 2025"]
[Site "Goa"]
[Date "08.11.2025"]
[Round "2B"]
[White "Sevian, Samuel"]
[Black "Najer, Evgeniy"]
[Result "1/2-1/2"]
[WhiteElo "2698"]
[BlackElo "2610"]
[EventDate "2025.11.01"]
[EventType "k.o."]

1. d4 Nf6 2. c4 e6 3. Nc3 Bb4 4. e3 O-O 5. Bd3 d5 6. Nf3 dxc4 7. Bxc4 c5 8.
O-O Nc6 9. a3 Ba5 10. h3 h6 11. Bd3 Qe7 12. Ne4 cxd4 13. b4 Bc7 14. Nxf6+
Qxf6 15. Bb2 Rd8 16. Qc2 Bb6 17. b5 Ne7 18. exd4 Nd5 19. Ne5 Bd7 20. a4 Be8
21. Bh7+ Kh8 22. Be4 Rac8 23. Qb3 Nf4 24. Qb4 Kg8 25. Rfe1 Nd5 26. Qb3 Ba5
27. Rec1 Rxc1+ 28. Rxc1 Qe7 29. g3 Bc7 30. h4 a6 31. Bb1 axb5 32. axb5 Bxe5
33. dxe5 Qd7 34. Qd3 g6 35. h5 Qxb5 36. Qxb5 Bxb5 37. hxg6 Bc6 38. Rd1 Ra8
39. gxf7+ Kxf7 40. Rd2 h5 41. Bc2 b5 42. Bd1 Kg6 43. Kh2 Ne7 44. Bc3
1/2-1/2

[Event "Coppa del Mondo FIDE 2025"]
[Site "Goa"]
[Date "08.11.2025"]
[Round "2B"]
[White "Dardha, Daniel"]
[Black "Harikrishna, Pentala"]
[Result "1/2-1/2"]
[WhiteElo "2605"]
[BlackElo "2697"]
[EventDate "2025.11.01"]
[EventType "k.o."]

1. Nf3 d5 2. b3 c5 3. e3 Nf6 4. Bb2 g6 5. Bb5+ Bd7 6. Be2 Bg7 7. c4 dxc4 8.
bxc4 Bc6 9. O-O Nbd7 10. Ne5 Nxe5 11. Bxe5 O-O 12. a4 Qd7 13. d3 Rfd8 14.
Qc2 b6 15. Nd2 Ne4 16. Bxg7 Nxd2 17. Qxd2 Kxg7 18. a5 Kg8 19. Rfc1 Rab8 20.
Qc3 Qd6 21. h3 e5 22. Bf1 Rdc8 23. Ra3 Bd7 24. Qa1 Bc6 25. Rb3 bxa5 26.
Rxb8 Rxb8 27. Qxa5 e4 28. Rd1 exd3 29. Qxa7 Be4 30. Qa2 Bf5 31. Qd2 Rb3 32.
f3 1/2-1/2

[Event "Coppa del Mondo FIDE 2025"]
[Site "Goa"]
[Date "08.11.2025"]
[Round "2B"]
[White "Van Foreest, Jorden"]
[Black "Sarana, Alexey"]
[Result "1-0"]
[WhiteElo "2697"]
[BlackElo "2661"]
[EventDate "2025.11.01"]
[EventType "k.o."]

1. e4 e5 2. Nf3 Nc6 3. Bc4 Nf6 4. d3 Be7 5. Nc3 d6 6. a4 a5 7. O-O O-O 8.
Re1 h6 9. h3 Re8 10. Be3 Bf8 11. g4 Nh7 12. Kh2 Be6 13. Rg1 Be7 14. Nd5 Ng5
15. Nd2 Nh7 16. Nf3 Ng5 17. Nh4 Nh7 18. Nf5 Bg5 19. Bb5 Bd7 20. Qf3 Nb4 21.
Bxd7 Qxd7 22. h4 Nxd5 23. exd5 Bxe3 24. fxe3 e4 25. dxe4 Re5 26. g5 hxg5
27. Qh3 Qd8 28. Rg4 f6 29. Rh1 Qe8 30. hxg5 fxg5 31. Kg2 Qg6 32. Qg3 Rae8
33. Rxh7 Qxh7 34. Rxg5 Kh8 35. Rh5 g6 36. Qxg6 1-0

[Event "Coppa del Mondo FIDE 2025"]
[Site "Goa"]
[Date "08.11.2025"]
[Round "2B"]
[White "Saric, Ivan"]
[Black "Maghsoodloo, Parham"]
[Result "0-1"]
[WhiteElo "2661"]
[BlackElo "2697"]
[EventDate "2025.11.01"]
[EventType "k.o."]

1. e4 c6 2. d4 d5 3. e5 c5 4. Nf3 Nc6 5. dxc5 Bg4 6. c3 a6 7. Nbd2 Nxe5 8.
Be2 Nc6 9. h3 Bxf3 10. Nxf3 Nf6 11. Be3 e6 12. b4 g6 13. O-O Bg7 14. Rc1
Ne4 15. Qb3 O-O 16. a4 Qc7 17. Rfd1 Rfd8 18. Nd4 Qe5 19. Qc2 Rac8 20. Nxc6
Rxc6 21. Bd4 Qf4 22. Bd3 Nf6 23. Qe2 Nh5 24. g3 Qb8 25. Bxg7 Kxg7 26. c4 d4
27. Be4 Rcc8 28. Qf3 Rc7 29. g4 Nf6 30. a5 Rcd7 31. Rd3 h6 32. Re1 Re7 33.
Kf1 Qc7 34. Qg3 e5 35. Bg2 Rde8 36. Rd2 Qd7 37. Qb3 e4 38. Qb2 d3 39. Re3
Qc7 40. Kg1 Qf4 41. Rd1 h5 42. gxh5 g5 43. b5 Kh7 44. c6 bxc6 45. bxa6 g4
46. Qd2 gxh3 47. Rxh3 Qxd2 48. Rxd2 Nd7 49. Re3 f5 50. Bh3 Rf7 51. Kf1 f4
52. Rxe4 Rxe4 53. a7 Re8 54. Rxd3 Ne5 55. Rd4 f3 56. Re4 Rxa7 0-1

[Event "Coppa del Mondo FIDE 2025"]
[Site "Goa"]
[Date "08.11.2025"]
[Round "2B"]
[White "Esipenko, Andrey"]
[Black "Idani, Pouya"]
[Result "1-0"]
[WhiteElo "2693"]
[BlackElo "2601"]
[EventDate "2025.11.01"]
[EventType "k.o."]

1. e4 c5 2. Nf3 d6 3. d4 cxd4 4. Nxd4 Nf6 5. Nc3 a6 6. Bd3 e5 7. Nde2 Nc6
8. O-O Be6 9. Nd5 Nxd5 10. exd5 Bxd5 11. Bxa6 Rxa6 12. Qxd5 Be7 13. Be3 Qa5
14. Qb3 Qb4 15. Qd3 e4 16. Qb3 O-O 17. Nd4 Qxb3 18. Nxb3 Rfa8 19. a3 Bf6
20. Rab1 Na5 21. Nd2 d5 22. c3 Nc4 23. Nxc4 dxc4 24. Rbd1 Ra5 25. Rfe1 Rb5
26. Bc1 Re8 27. f3 Rbe5 28. f4 Rb5 29. Rd7 Be7 30. Kf1 f5 31. Red1 b6 32.
R1d4 Rc5 33. Rb7 Rc6 34. Rdd7 Kf7 35. Be3 Ke6 36. Ke2 h6 37. Bxb6 g5 38.
Be3 gxf4 39. Bxf4 Bg5 40. Ke3 Rd8 41. Rxd8 Bxd8 42. Bxh6 Rd6 43. Ke2 Bf6
44. Be3 Be5 45. g3 Rd8 46. Rb6+ Kd5 47. Rb5+ Ke6 48. a4 Ra8 49. a5 Bc7 50.
Bb6 Bd6 51. Ke3 Rh8 52. a6 Rxh2 53. a7 Rh8 54. g4 fxg4 55. Kxe4 g3 56. Bd4
Rf8 57. Ra5 g2 58. Rg5 Rf4+ 59. Ke3 Rf8 60. Rxg2 Kd5 61. Rg5+ Kc6 62. Ra5
Re8+ 63. Kf3 Kb7 64. Ra4 1-0

[Event "Coppa del Mondo FIDE 2025"]
[Site "Goa"]
[Date "08.11.2025"]
[Round "2B"]
[White "Nguyen, Thai Dai Van"]
[Black "Yakubboev, Nodirbek"]
[Result "1/2-1/2"]
[WhiteElo "2664"]
[BlackElo "2689"]
[EventDate "2025.11.01"]
[EventType "k.o."]

1. d4 Nf6 2. c4 e6 3. g3 d5 4. Bg2 c5 5. Nf3 cxd4 6. O-O Bc5 7. Nxd4 O-O 8.
cxd5 Nxd5 9. Nb3 Be7 10. Bd2 Nc6 11. Nc3 Nxc3 12. Bxc3 Qb6 13. Nd4 Nb4 14.
e3 Nd5 15. Bxd5 exd5 16. Qh5 Rd8 17. Rfd1 Qg6 18. Qxg6 hxg6 19. Rd2 Bd7 20.
Ne2 Be6 21. Rad1 g5 22. Kg2 Rac8 23. h3 f6 24. Nd4 Bd7 25. g4 Kf7 26. Nf5
Bf8 27. Nd4 Rc4 28. f3 Rdc8 29. Ne2 Be6 30. Nd4 Bd7 31. Ne2 Be6 32. Rd3 Ra4
33. a3 Rac4 34. R1d2 R4c7 35. Nd4 Bd7 36. Bb4 Bxb4 37. axb4 a6 38. b3 Ke7
39. Kg3 Rc3 40. Rxc3 Rxc3 41. Kf2 Kd6 42. Rc2 Rxc2+ 43. Nxc2 Ke5 44. Kg3 g6
45. h4 gxh4+ 46. Kxh4 Bb5 47. Nd4 Bd3 48. Kg3 f5 49. gxf5 gxf5 50. Kg2 f4
51. Kf2 b6 52. Nc6+ Kd6 53. Nd4 Ke5 54. Nc6+ Kd6 55. Nd4 1/2-1/2

[Event "Coppa del Mondo FIDE 2025"]
[Site "Goa"]
[Date "08.11.2025"]
[Round "2B"]
[White "Bluebaum, Matthias"]
[Black "Zemlyanskii, Ivan"]
[Result "1/2-1/2"]
[WhiteElo "2687"]
[BlackElo "2596"]
[EventDate "2025.11.01"]
[EventType "k.o."]

1. d4 d6 2. Nf3 Nf6 3. c4 g6 4. Nc3 Bf5 5. Nh4 Bd7 6. Nf3 Bg7 7. e4 O-O 8.
Be2 e5 9. dxe5 dxe5 10. Nxe5 Nxe4 11. Nxe4 Bxe5 12. Bg5 Qe8 13. Nf6+ Bxf6
14. Bxf6 a5 15. Bc3 Ra6 16. Qd4 f6 17. Kf1 Re6 18. Bf3 Bc6 19. Bd5 Bxd5 20.
Qxd5 b6 21. Re1 Kf7 22. Rxe6 Qxe6 23. Qxe6+ Kxe6 24. Ke2 Rd8 25. Rd1 Rxd1
26. Kxd1 Nd7 27. Ke2 Nc5 28. Bd4 Na6 29. Bc3 Nc5 30. Bd4 Na6 31. Bc3 Nc5
1/2-1/2

[Event "Coppa del Mondo FIDE 2025"]
[Site "Goa"]
[Date "08.11.2025"]
[Round "2B"]
[White "Meier, Georg"]
[Black "Dubov, Daniil"]
[Result "1/2-1/2"]
[WhiteElo "2596"]
[BlackElo "2684"]
[EventDate "2025.11.01"]
[EventType "k.o."]

1. c4 g6 2. Nc3 c5 3. g3 Bg7 4. Bg2 Nc6 5. e3 e6 6. Nge2 Nge7 7. O-O O-O 8.
d4 cxd4 9. Nxd4 d5 10. cxd5 Nxd4 11. exd4 exd5 12. Re1 Be6 13. Bg5 Re8 14.
Qd2 Qd7 15. Bxe7 Rxe7 16. Nxd5 Bxd5 17. Rxe7 Qxe7 18. Bxd5 Qd7 19. Bb3 a5
20. Rd1 b5 21. a3 a4 22. Ba2 Rd8 23. Qf4 Qf5 24. Qxf5 gxf5 25. Rc1 Bxd4 26.
Rc7 Bxb2 27. Rxf7 Kh8 28. Rxf5 Rd2 29. Rxb5 Bd4 30. Rb8+ Kg7 31. Rb7+ Kh8
32. Rb8+ Kg7 33. Rb7+ Kh8 34. Bb1 h6 35. Be4 Re2 36. Rb4 Bxf2+ 37. Kf1 Rd2
38. Rxa4 Bc5 39. h4 Kg7 40. Ra6 Rf2+ 41. Ke1 Rf6 42. Rxf6 Kxf6 43. a4 Bd6
44. Kf2 Bc7 45. Bc6 Ke6 46. Be8 Ke7 47. Bg6 Ke6 48. Bh5 Bb6+ 49. Kf3 Bc7
50. Bg4+ Kd5 51. Bd7 Kd4 52. Kg4 Kd5 53. Bc8 Kd4 54. Bb7 Kc5 55. Kf3 Kd4
56. Bc8 Bd8 57. Bd7 Bc7 58. g4 Bd8 59. g5 Ke5 1/2-1/2

[Event "Coppa del Mondo FIDE 2025"]
[Site "Goa"]
[Date "08.11.2025"]
[Round "2B"]
[White "Alekseenko, Kirill"]
[Black "Leko, Peter"]
[Result "0-1"]
[WhiteElo "2679"]
[BlackElo "2666"]
[EventDate "2025.11.01"]
[EventType "k.o."]

1. e4 e5 2. Nf3 Nc6 3. Bc4 Bc5 4. Nc3 Nf6 5. d3 a6 6. a4 d6 7. O-O O-O 8.
Bg5 h6 9. Bh4 Nd4 10. Nxd4 Bxd4 11. Ne2 Ba7 12. Kh1 g5 13. Bg3 Nh5 14. f3
c6 15. b4 Kh7 16. b5 d5 17. Bb3 Qd6 18. bxc6 bxc6 19. exd5 cxd5 20. d4
Nxg3+ 21. Nxg3 exd4 22. c3 Rb8 23. cxd4 Rb4 24. Rc1 Kh8 25. Qd3 a5 26. Rfe1
Bd7 27. Bc2 f5 28. Ne2 Re8 29. g4 Rf8 30. Rb1 Bc8 31. Rxb4 axb4 32. Ng3 Ba6
33. Qd2 fxg4 34. Nf5 Qf4 35. Qxf4 gxf4 36. fxg4 f3 37. Re6 Rxf5 38. Rxh6+
Kg8 39. Rxa6 f2 40. Bd3 f1=Q+ 41. Bxf1 Rxf1+ 42. Kg2 Rf7 0-1

[Event "Coppa del Mondo FIDE 2025"]
[Site "Goa"]
[Date "08.11.2025"]
[Round "2B"]
[White "Sargsyan, Shant"]
[Black "Yilmaz, Mustafa"]
[Result "1/2-1/2"]
[WhiteElo "2667"]
[BlackElo "2591"]
[EventDate "2025.11.01"]
[EventType "k.o."]

1. e4 c5 2. Nf3 d6 3. Bb5+ Nd7 4. O-O a6 5. Bd3 g6 6. c3 Bg7 7. Bc2 Ne5 8.
Nxe5 dxe5 9. d3 Nf6 10. a4 b6 11. Nd2 Qc7 12. Nc4 Be6 13. Be3 Bxc4 14. dxc4
a5 15. Qe2 h5 16. Bg5 Nh7 17. Be3 Nf6 18. Bg5 Nh7 19. Be3 Nf8 20. Rad1 Bh6
21. Bxh6 Rxh6 22. Rd5 Nd7 23. Qd2 Rh7 24. Qg5 Nf6 25. Rd2 h4 26. Rfd1 Kf8
27. f3 Rh5 28. Qe3 Kg7 29. Kf2 Rhh8 30. Qg5 Rh5 31. Qe3 Qc8 32. b3 Rb8 33.
Ke1 Rh8 34. Qg5 Qe6 35. Kf2 Rh5 36. Qe3 Rhh8 37. Qg5 Rbe8 38. Kg1 Rh5 39.
Qe3 Rhh8 40. Qg5 Rc8 41. Kf1 Rh5 42. Qe3 Rhh8 43. Qg5 Rb8 44. Kf2 1/2-1/2

[Event "Coppa del Mondo FIDE 2025"]
[Site "Goa"]
[Date "09.11.2025"]
[Round "2C"]
[White "Wei, Yi"]
[Black "Gledura, Benjamin"]
[Result "1-0"]
[WhiteElo "2754"]
[BlackElo "2643"]
[EventDate "2025.11.01"]
[EventType "k.o."]

1. e4 e5 2. Nc3 Nf6 3. Bc4 Bc5 4. Nge2 O-O 5. O-O d6 6. d4 exd4 7. Nxd4 h6
8. Kh1 Re8 9. f3 Nc6 10. Nb3 Bb6 11. Na4 Be6 12. Bb5 Bd7 13. Nxb6 axb6 14.
a4 Ne5 15. Nd4 Bxb5 16. Nxb5 Qd7 17. b3 Rad8 18. c4 c6 19. Nd4 Qc8 20. Ra2
d5 21. cxd5 cxd5 22. f4 Nc6 23. e5 Nxd4 24. Qxd4 Ne4 25. Be3 Qc3 26. Qxc3
Nxc3 27. Rc2 d4 28. Bxd4 Rxd4 29. Rxc3 f6 30. h3 fxe5 31. fxe5 Re7 32. Re3
Rd5 33. Rf5 Re6 34. Kh2 b5 35. a5 b4 36. Rf4 Rb5 37. Kg3 Rxa5 38. Rfe4 Rd5
39. Kf4 b5 40. Rxb4 Kf7 41. Rbe4 g6 42. Rc3 Re7 43. Rc6 Re6 44. Rc3 Re7 45.
h4 Re6 46. g4 Re7 47. h5 gxh5 48. gxh5 Rd1 49. Kf5 Rh1 50. e6+ Kg7 51. Rg4+
Kf8 52. Rc8+ Re8 53. Rxe8+ Kxe8 54. Rg8+ Ke7 55. Rg7+ Ke8 56. Kg6 Re1 57.
Kf6 Rf1+ 58. Kg6 Re1 59. e7 Re3 60. b4 Re4 61. Kxh6 Rxb4 62. Kg5 Rb1 63. h6
Rg1+ 64. Kf6 Rf1+ 65. Ke6 Re1+ 66. Kd6 1-0

[Event "Coppa del Mondo FIDE 2025"]
[Site "Goa"]
[Date "09.11.2025"]
[Round "2C"]
[White "Vachier-Lagrave, Maxime"]
[Black "Artemiev, Vladislav"]
[Result "1/2-1/2"]
[WhiteElo "2737"]
[BlackElo "2646"]
[EventDate "2025.11.01"]
[EventType "k.o."]

1. e4 e5 2. Nf3 Nc6 3. Bc4 Nf6 4. d3 Be7 5. Nc3 d6 6. a4 a5 7. O-O O-O 8.
Re1 h6 9. h3 Re8 10. Ne2 Bf8 11. Ng3 Be6 12. Bb5 Nd7 13. b3 d5 14. exd5
Bxd5 15. Bb2 Bb4 16. Nd2 Bc5 17. Nde4 Bd4 18. c3 Bb6 19. Bc4 Nc5 20. Qg4
Nxe4 21. Nxe4 Be6 22. Qf3 Qh4 23. Rad1 Rad8 24. Ba3 Rd7 25. Kh2 Kh8 26. g4
Nd8 27. Ng3 Bxc4 28. bxc4 Re6 29. c5 Ba7 30. Ne4 b6 31. d4 exd4 32. cxd4 c6
33. Kg2 Rd5 34. Nd6 Rf6 35. Re8+ Kh7 36. Nf5 Qg5 37. h4 Rfxf5 38. Qxf5+
Qxf5 39. gxf5 bxc5 40. Re7 Bb8 41. Rb1 Bf4 42. Bxc5 Rxf5 43. Ra7 Ne6 44.
Rb6 Bd2 45. Rxc6 Be1 46. d5 Nxc5 47. Rxc5 Bxf2 48. Raxa5 Bxc5 49. Rxc5 Kg6
50. a5 Rf4 51. d6 Rd4 52. Rc6 Kf5 53. a6 Ke6 54. h5 Ra4 55. Kg3 Kd7 56.
Rc7+ Kxd6 57. Rxf7 Rxa6 58. Rxg7 Ke5 1/2-1/2